منھاج المسلم (Record no. 553786)

000 -LEADER
fixed length control field 00417nam a22001217a 4500
082 ## - DEWEY DECIMAL CLASSIFICATION NUMBER
Classification number 297.1227
Author Mark ASR
100 ## - MAIN ENTRY--PERSONAL NAME
Personal name Asri, Mulana Muhammad Rafiq
9 (RLIN) 51045
245 ## - TITLE STATEMENT
Title منھاج المسلم
Remainder of title تمام شعبہ ہائے زندگی سے متعلق قرآن و سنت کی تعلیمات
260 ## - PUBLICATION, DISTRIBUTION, ETC.
Place of publication, distribution, etc. Riaz,
Name of publisher, distributor, etc. Daras salam,
Date of publication, distribution, etc. 2000.
300 ## - PHYSICAL DESCRIPTION
Extent 788p.
Dimensions 24cm.
526 ## - STUDY PROGRAM INFORMATION NOTE
Program name 0
Interest level 0
Reading level 0
Title point value 297_122700000000000_ASR
942 ## - ADDED ENTRY ELEMENTS (KOHA)
Source of classification or shelving scheme
Koha item type Book
Holdings
Withdrawn status Lost status Source of classification or shelving scheme Damaged status Not for loan Permanent Location Current Location Date acquired Total Checkouts Full call number Barcode Date last seen Date last checked out Price effective from Koha item type
          Military College of Engineering (MCE) Military College of Engineering (MCE) 03/20/2017 1 297.1227 ASR MCE-35113 01/24/2018 12/19/2017 03/20/2017 Book
© 2023 Central Library, National University of Sciences and Technology. All Rights Reserved.